000 00766nam a2200289Ia 4500
005 20260324123849.0
008 008 260324s9999 xx 000 0 eng d
020 _a9781003442790
037 _aEBOOK
040 _aCRL
040 _beng
040 _cCRL
041 _2eng
041 _aeng
084 _qCRL
100 _aJudith A. Ramaley; Susan B. Millar; Matthew T. Hora
_91171943
245 2 _aA Guide to Building Education Partnerships
245 0 _bNavigating Diverse Cultural Contexts to Turn Challenge into Promise
260 _bTaylor and Francis
260 _c2011
365 _a
365 _b130
856 _uhttp://www.taylorfrancis.com/books/9781003442790
942 _cEBOOK
999 _c1765819
_d1765819